Country Codes Quiz #2 - Statistics

General Stats
  • This quiz has been taken 2,419 times
  • The average score is 19 of 30
Answer Stats
Code Country % Correct
FJ Fiji
96%
IT Italy
96%
ZM Zambia
93%
DJ Djibouti
92%
IN India
92%
RU Russia
92%
FI Finland
89%
NO Norway
86%
HU Hungary
85%
JM Jamaica
78%
PL Poland
77%
AR Argentina
73%
BO Bolivia
71%
EC Ecuador
69%
KE Kenya
69%
TW Taiwan
69%
IS Iceland
68%
IR Iran
65%
PT Portugal
57%
TR Turkey
51%
MM Myanmar
45%
KG Kyrgyzstan
43%
PA Panama
43%
KR South Korea
38%
CI Cote d'Ivoire
29%
MR Mauritania
28%
KP North Korea
26%
PW Palau
19%
SR Suriname
19%
SV El Salvador
10%
No matching quizzes found
Score Distribution
Percent of People with Each Score
Percentile by Number Answered
Your Score History
You have not taken this quiz